UITU Library & LRC     

Candles in the Dark: successful organizations in Pakistan's weak institutional environment (Record no. 16896)

MARC details
000 -LEADER
fixed length control field 00571nam a2200181Ia 4500
008 - FIXED-LENGTH DATA ELEMENTS--GENERAL INFORMATION
fixed length control field 240925s9999 xx 000 0 und d
020 ## - INTERNATIONAL STANDARD BOOK NUMBER
International Standard Book Number 9780199403363
082 ## - DEWEY DECIMAL CLASSIFICATION NUMBER
Classification number 068.5491 AYU
100 ## - MAIN ENTRY--PERSONAL NAME
Personal name Ayub, Mahmood Ali; Hussain, Syed Turab
245 #0 - TITLE STATEMENT
Title Candles in the Dark: successful organizations in Pakistan's weak institutional environment
250 ## - EDITION STATEMENT
Edition statement NA
260 ## - PUBLICATION, DISTRIBUTION, ETC.
Place of publication, distribution, etc. Karachi:
Name of publisher, distributor, etc. Oxford University Press
Date of publication, distribution, etc. ,2016.
300 ## - PHYSICAL DESCRIPTION
Extent ix, 192p.
Other physical details NA
Type of unit Original
500 ## - GENERAL NOTE
General note Includes Index
600 ## - SUBJECT ADDED ENTRY--PERSONAL NAME
Personal name Humanities & Natural Science
650 ## - SUBJECT ADDED ENTRY--TOPICAL TERM
Topical term or geographic name entry element General Work
942 ## - ADDED ENTRY ELEMENTS (KOHA)
Koha item type Books
Holdings
Withdrawn status Lost status Damaged status Not for loan Collection Home library Current library Date acquired Source of acquisition Cost, normal purchase price Total checkouts Full call number Barcode Date last seen Price effective from Koha item type
        Humanities & Basic Sciences UITU Library UITU Library 02/02/2019 Allied Book Company 600.00   068.5491 AYU Q14397 09/25/2024 09/25/2024 Books

Powered by Koha